00490 2200193 4500245005700000020002200057250001100079100001900090700002000109700001100129650001700140005001900157260004100176041001400217084001300231300003200244336000900276338001100285 aThe Knight in The Area Vol. 30cIgano, HiraokihText a978-602-02-5656-6 aCet. 1 aIgano, Hiraoki aJuan Hardrianus aFaizal aKomik Jepang a20230202090414 aJakartabElex Media Komputindoc2015 aIndonesia a741.5592 a... jil. :bilus. ;c17 cm. atext avolume